[Event "ECCC 2013"]
[Site "Rhodes"]
[Date "2013.10.24"]
[Round "5"]
[White "Karjakin, Sergey"]
[Black "Durarbayli, Vasif"]
[Result "1/2-1/2"]
[WhiteElo "2762"]
[BlackElo "2548"]
[PlyCount "125"]
[EventDate "2013.10.20"]
[EventType "team"]
[EventRounds "7"]
[EventCountry "GRE"]
[WhiteTeam "Malachite"]
[BlackTeam "Odlar Yurdu"]

1. e4 e5 2. Nf3 Nc6 3. Bb5 a6 4. Ba4 Nge7 5. c3 g6 6. d4 exd4 7. cxd4 b5 8. Bb3
Bg7 9. O-O O-O 10. Nc3 d6 11. d5 Na5 12. Bc2 c5 13. dxc6 Naxc6 14. Bf4 Qa5 15.
Qxd6 Be6 16. Bb3 Rfd8 17. Qc5 Bxb3 18. axb3 Qb4 19. Qxb4 Nxb4 20. Rfd1 Nec6 21.
Bc7 Rd3 22. e5 Re8 23. Bd6 Rxd1+ 24. Rxd1 f6 25. Ne4 fxe5 26. Bxb4 Nxb4 27. Rd6
Rc8 28. h4 Nc6 29. g3 Nd4 30. Nxd4 exd4 31. Rxa6 Rc2 32. Rb6 Rxb2 33. Rxb5 d3
34. Rb8+ Bf8 35. Kg2 d2 36. Rd8 Rxb3 37. Rxd2 Rb7 38. Ra2 Be7 39. Kf3 Kf7 40.
Kg4 Rb4 41. Kf4 h6 42. Ra6 Rb5 43. Kg4 Re5 44. Kf3 Rf5+ 45. Kg2 Re5 46. Ra4 Rd5
47. Nc3 Rc5 48. Ne2 Re5 49. Ng1 Rd5 50. Nf3 Rf5 51. Nh2 Rb5 52. Ng4 h5 53. Nh2
g5 54. hxg5 Bxg5 55. f4 Bf6 56. Nf3 Rb3 57. Ra5 Kg6 58. Rd5 Ra3 59. Nd2 h4 60.
Ne4 Re3 61. f5+ Kf7 62. Rd7+ Be7 63. f6 1/2-1/2

[Event "ECCC 2013"]
[Site "Rhodes"]
[Date "2013.10.24"]
[Round "5"]
[White "Riazantsev, Alexander"]
[Black "Rasulov, Vugar"]
[Result "1/2-1/2"]
[WhiteElo "2697"]
[BlackElo "2514"]
[PlyCount "130"]
[EventDate "2013.10.20"]
[EventType "team"]
[EventRounds "7"]
[EventCountry "GRE"]
[WhiteTeam "Malachite"]
[BlackTeam "Odlar Yurdu"]

1. d4 Nf6 2. Nf3 c5 3. d5 e6 4. c4 exd5 5. cxd5 d6 6. Nc3 g6 7. Bf4 a6 8. a4
Bg7 9. h3 O-O 10. e3 Ne8 11. Be2 Nd7 12. O-O Qe7 13. Nd2 f5 14. Re1 Rb8 15. Nc4
Ne5 16. Nb6 Nd7 17. Qb3 g5 18. Bh2 Qd8 19. Nc4 Qe7 20. a5 Ne5 21. Nxe5 Bxe5 22.
Bxe5 Qxe5 23. Bxa6 g4 24. g3 gxh3 25. Bf1 h2+ 26. Kxh2 Nf6 27. Be2 b5 28. axb6
h5 29. Ra4 Nd7 30. Rh4 Rxb6 31. Qc2 Nf6 32. Bxh5 Bd7 33. Bf3 Rfb8 34. Rb1 Kg7
35. Kg2 Be8 36. Rf4 Bg6 37. b3 R6b7 38. Be2 Rb4 39. Bf3 R4b7 40. Rb2 Rb4 41.
Rxb4 cxb4 42. Ne2 Nxd5 43. Ra2 Nc3 44. Ra7+ Kf6 45. Nf4 Bf7 46. Ra6 Kg7 47. Ra7
Kf6 48. Rc7 Bd5 49. Nxd5+ Nxd5 50. Ra7 Rg8 51. Qd3 Nxe3+ 52. Kh2 Rh8+ 53. Kg1
Nc2 54. Qe2 Nd4 55. Qxe5+ dxe5 56. Bg2 Rb8 57. Ra6+ Ke7 58. Bd5 e4 59. Kg2 Rd8
60. Bc4 Rd6 61. Ra7+ Kf6 62. Rf7+ Ke5 63. Re7+ Kf6 64. Rf7+ Kg6 65. g4 Kg5
1/2-1/2

[Event "ECCC 2013"]
[Site "Rhodes"]
[Date "2013.10.24"]
[Round "5"]
[White "Navara, David"]
[Black "Swinkels, Robin"]
[Result "1-0"]
[WhiteElo "2703"]
[BlackElo "2536"]
[PlyCount "85"]
[EventDate "2013.10.20"]
[EventType "team"]
[EventRounds "7"]
[EventCountry "GRE"]
[WhiteTeam "G-Team Novy Bor"]
[BlackTeam "SK 47 Eynatten"]

1. d4 d5 2. c4 e6 3. Nf3 c5 4. cxd5 exd5 5. g3 Nc6 6. Bg2 Nf6 7. O-O Be7 8. Nc3
O-O 9. dxc5 Bxc5 10. Na4 Be7 11. Be3 Re8 12. Rc1 Bg4 13. h3 Bxf3 14. Bxf3 Qd7
15. Kg2 Ne5 16. Bd4 Nxf3 17. exf3 Red8 18. Qb3 Ne8 19. Rfd1 b6 20. Nc3 Bf6 21.
Rc2 h6 22. Rcd2 Rac8 23. h4 Qc6 24. Bxf6 Nxf6 25. Nxd5 Nxd5 26. Rxd5 Rxd5 27.
Rxd5 g6 28. h5 gxh5 29. Rxh5 Re8 30. Rh4 Re6 31. Rc4 Qd6 32. Qc3 Qe5 33. Qa3
Kg7 34. Re4 Qc7 35. Rxe6 fxe6 36. Qc3+ Qxc3 37. bxc3 e5 38. Kh3 Kg6 39. Kg4 b5
40. f4 h5+ 41. Kf3 Kf5 42. fxe5 Kxe5 43. g4 1-0

[Event "ECCC 2013"]
[Site "Rhodes"]
[Date "2013.10.24"]
[Round "5"]
[White "Dambacher, Martijn"]
[Black "Wojtaszek, Radoslaw"]
[Result "0-1"]
[WhiteElo "2493"]
[BlackElo "2698"]
[PlyCount "92"]
[EventDate "2013.10.20"]
[EventType "team"]
[EventRounds "7"]
[EventCountry "GRE"]
[WhiteTeam "SK 47 Eynatten"]
[BlackTeam "G-Team Novy Bor"]

1. d4 Nf6 2. c4 e6 3. Nc3 Bb4 4. Bg5 h6 5. Bh4 c5 6. d5 d6 7. e3 exd5 8. cxd5
Nbd7 9. Bd3 O-O 10. Nge2 Ne5 11. O-O Ng6 12. Bxg6 fxg6 13. f3 g5 14. Bf2 g4 15.
Kh1 Qe8 16. Qd3 gxf3 17. gxf3 Nh5 18. Bg3 Bh3 19. Rf2 c4 20. Qd2 Bc5 21. Nd4
Nxg3+ 22. hxg3 Qh5 23. f4 Rae8 24. Kg1 Bd7 25. Re1 b5 26. Ncxb5 Qxd5 27. Nc7
Qe4 28. Nxe8 Rxe8 29. Nc2 Bc6 30. Kh2 Rb8 31. Qc3 Qf5 32. Qxc4+ Kh8 33. Qe2
Rxb2 34. g4 Qf6 35. Kg3 Qc3 36. Qa6 Bb7 37. Qa4 Kh7 38. Qd7 Be4 39. Qe6 Bxc2
40. f5 Rb8 41. Rc1 Bxe3 42. Rf3 Bf4+ 43. Kxf4 Qd2+ 44. Qe3 Qh2+ 45. Rg3 Rb4+
46. Kf3 Be4+ 0-1

[Event "ECCC 2013"]
[Site "Rhodes"]
[Date "2013.10.24"]
[Round "5"]
[White "Laznicka, Viktor"]
[Black "Hoffmann, Michael"]
[Result "1-0"]
[WhiteElo "2666"]
[BlackElo "2462"]
[PlyCount "59"]
[EventDate "2013.10.20"]
[EventType "team"]
[EventRounds "7"]
[EventCountry "GRE"]
[WhiteTeam "G-Team Novy Bor"]
[BlackTeam "SK 47 Eynatten"]

1. e4 c5 2. Nf3 d6 3. d4 cxd4 4. Nxd4 Nf6 5. Nc3 a6 6. h3 e6 7. g4 d5 8. exd5
Nxd5 9. Bd2 b5 10. Bg2 Bb7 11. O-O Nxc3 12. Bxc3 Bxg2 13. Kxg2 b4 14. Be1 h5
15. f4 hxg4 16. hxg4 Qb6 17. Qf3 Ra7 18. Bf2 Bc5 19. c3 Qb7 20. cxb4 Bxb4 21.
Rac1 Qxf3+ 22. Nxf3 Rd7 23. Ne5 Rd8 24. Ba7 O-O 25. Kf3 Bd6 26. Nc6 Nxc6 27.
Rxc6 Bb8 28. Be3 a5 29. Rfc1 Rfe8 30. Bb6 1-0

[Event "ECCC 2013"]
[Site "Rhodes"]
[Date "2013.10.24"]
[Round "5"]
[White "Hracek, Zbynek"]
[Black "Polaczek, Richard"]
[Result "1/2-1/2"]
[WhiteElo "2636"]
[BlackElo "2427"]
[PlyCount "93"]
[EventDate "2013.10.20"]
[EventType "team"]
[EventRounds "7"]
[EventCountry "GRE"]
[WhiteTeam "G-Team Novy Bor"]
[BlackTeam "SK 47 Eynatten"]

1. c4 e6 2. Nc3 Bb4 3. Qb3 Nc6 4. Nf3 Nf6 5. d4 O-O 6. Bg5 h6 7. Bxf6 Qxf6 8.
e3 d6 9. Bd3 e5 10. d5 Bxc3+ 11. Qxc3 Nb8 12. O-O Qe7 13. Nd2 a5 14. f4 Nd7 15.
f5 Nf6 16. Ne4 Bd7 17. Nxf6+ Qxf6 18. Be4 c5 19. dxc6 bxc6 20. Rad1 Rfd8 21.
Rd2 Ra6 22. Rfd1 Be8 23. Qa3 c5 24. Qb3 Qe7 25. f6 Qxf6 26. Qb7 Raa8 27. Qb6
Rab8 28. Qxa5 Qh4 29. Bd5 Qe7 30. Qc3 Bd7 31. b3 Bg4 32. Ra1 Be6 33. a4 Bxd5
34. Rxd5 Rd7 35. a5 Ra7 36. Rd2 Ra6 37. Ra4 Qb7 38. Ra3 Qe4 39. Rd1 Rb7 40. Qd2
Rba7 41. Rda1 Rb7 42. Qe2 Rba7 43. Qf3 Qxf3 44. gxf3 f5 45. Kf2 Kf7 46. Ke2 Ke6
47. Kd3 1/2-1/2

[Event "ECCC 2013"]
[Site "Rhodes"]
[Date "2013.10.24"]
[Round "5"]
[White "Coenen, Norbert"]
[Black "Bartel, Mateusz"]
[Result "1-0"]
[WhiteElo "2316"]
[BlackElo "2638"]
[PlyCount "95"]
[EventDate "2013.10.20"]
[EventType "team"]
[EventRounds "7"]
[EventCountry "GRE"]
[WhiteTeam "SK 47 Eynatten"]
[BlackTeam "G-Team Novy Bor"]

1. e4 g6 2. d4 Bg7 3. Nc3 c6 4. Nf3 d6 5. h3 b5 6. a4 b4 7. Nb1 Nf6 8. Bd3 O-O
9. O-O Nbd7 10. Re1 e5 11. c3 Rb8 12. Nbd2 Nh5 13. Nc4 Qc7 14. Bf1 Rd8 15. cxb4
Nf8 16. dxe5 dxe5 17. Qc2 Ne6 18. Bd2 Bd7 19. b5 Rf8 20. Ba5 Qb7 21. Ncxe5 cxb5
22. Nxd7 Qxd7 23. Bxb5 Qe7 24. e5 Nhf4 25. Qe4 a6 26. Bb4 Qa7 27. Bf1 Rfd8 28.
Red1 Bf8 29. Bxf8 Rxf8 30. b4 a5 31. b5 Rbc8 32. Rac1 Rxc1 33. Rxc1 Rd8 34. Bc4
Qc5 35. Re1 Qa3 36. Bxe6 Nxe6 37. Qc4 Qb2 38. Rc1 g5 39. Qc2 Qb4 40. Rb1 Qf4
41. b6 g4 42. hxg4 Qxg4 43. b7 Nf4 44. Ne1 Rb8 45. Qc7 Kg7 46. Qxb8 Ne2+ 47.
Kf1 Qc4 48. Qc8 1-0

[Event "ECCC 2013"]
[Site "Rhodes"]
[Date "2013.10.24"]
[Round "5"]
[White "Ikonnikov, Vyacheslav"]
[Black "Cheparinov, Ivan"]
[Result "1/2-1/2"]
[WhiteElo "2564"]
[BlackElo "2672"]
[PlyCount "82"]
[EventDate "2013.10.20"]
[EventType "team"]
[EventRounds "7"]
[EventCountry "GRE"]
[WhiteTeam "En Passant"]
[BlackTeam "PGMB-Rostov"]

1. d4 Nf6 2. Nf3 e6 3. c4 d5 4. Nc3 c6 5. Bg5 h6 6. Bxf6 Qxf6 7. e3 g6 8. Bd3
Bg7 9. O-O O-O 10. e4 Qd8 11. e5 c5 12. dxc5 dxc4 13. Bxc4 Nd7 14. Qe2 Nxc5 15.
Rfd1 Qe7 16. b4 Nd7 17. a3 a5 18. Rab1 axb4 19. axb4 Nb6 20. Bd3 Bd7 21. Be4
Rac8 22. Nb5 Na4 23. Nd6 Nc3 24. Qd3 Nxd1 25. Nxc8 Rxc8 26. Qxd1 Be8 27. h4 Rc4
28. Qe1 Bf8 29. b5 b6 30. h5 gxh5 31. Bd3 Rb4 32. Nd2 Rxb1 33. Qxb1 Qc5 34. Qb2
Bg7 35. Nf3 Qd5 36. Qe2 Qa8 37. Kh2 Qa4 38. g3 Bd7 39. Kg2 Be8 40. Kh2 Bd7 41.
Kg2 Be8 1/2-1/2

[Event "ECCC 2013"]
[Site "Rhodes"]
[Date "2013.10.24"]
[Round "5"]
[White "Zhigalko, Sergei"]
[Black "Nijboer, Friso"]
[Result "1-0"]
[WhiteElo "2683"]
[BlackElo "2528"]
[PlyCount "83"]
[EventDate "2013.10.20"]
[EventType "team"]
[EventRounds "7"]
[EventCountry "GRE"]
[WhiteTeam "PGMB-Rostov"]
[BlackTeam "En Passant"]

1. e4 d6 2. d4 Nf6 3. Nc3 g6 4. Nf3 Bg7 5. Be2 O-O 6. O-O c6 7. h3 Nbd7 8. a4
e5 9. dxe5 dxe5 10. Bc4 Qe7 11. b3 b6 12. Ba3 c5 13. Nd5 Nxd5 14. Qxd5 Rb8 15.
Rad1 a6 16. Rfe1 b5 17. Bf1 Rb6 18. Qd2 b4 19. a5 Rc6 20. Bb2 Nb8 21. Qe3 Rc7
22. Rd5 Be6 23. Bxe5 Bxe5 24. Rxe5 Nd7 25. Rg5 c4 26. bxc4 Bxc4 27. Bxc4 Rxc4
28. Qa7 Re8 29. Qxa6 Rxc2 30. Rd5 Rc7 31. Qe2 b3 32. Nd4 Qb4 33. Rb1 Nf6 34.
Rxb3 Qe7 35. Rdb5 Rc1+ 36. Kh2 Nxe4 37. Qe3 Qc7+ 38. g3 Nf6 39. Rb8 Rxb8 40.
Rxb8+ Qxb8 41. Qxc1 Qe5 42. Qf4 1-0

[Event "ECCC 2013"]
[Site "Rhodes"]
[Date "2013.10.24"]
[Round "5"]
[White "Sjugirov, Sanan"]
[Black "Vedder, Henk"]
[Result "1/2-1/2"]
[WhiteElo "2635"]
[BlackElo "2367"]
[PlyCount "71"]
[EventDate "2013.10.20"]
[EventType "team"]
[EventRounds "7"]
[EventCountry "GRE"]
[WhiteTeam "PGMB-Rostov"]
[BlackTeam "En Passant"]

1. e4 e6 2. d4 d5 3. e5 b6 4. Nf3 Ne7 5. Nc3 Ba6 6. Bxa6 Nxa6 7. Ne2 c5 8. c3
Nc6 9. h4 Be7 10. h5 Qd7 11. h6 g6 12. Bg5 O-O 13. Qd2 Rfc8 14. Bxe7 Qxe7 15.
O-O b5 16. Rac1 Rab8 17. Ng3 Nc7 18. Qe3 c4 19. a3 a5 20. Qf4 b4 21. axb4 axb4
22. Rfe1 Ra8 23. Ra1 Rcb8 24. Ng5 Rxa1 25. Rxa1 Ra8 26. Rxa8+ Nxa8 27. Nf1 Nb6
28. Ne3 Nd7 29. Ng4 bxc3 30. bxc3 Na7 31. Qc1 Nb5 32. Nf3 Qa3 33. Qg5 Qf8 34.
Qc1 Qa3 35. Qg5 Qf8 36. Qc1 1/2-1/2

[Event "ECCC 2013"]
[Site "Rhodes"]
[Date "2013.10.24"]
[Round "5"]
[White "Kryakvin, Dmitry"]
[Black "De Graaf, Dick"]
[Result "1-0"]
[WhiteElo "2584"]
[BlackElo "2199"]
[PlyCount "67"]
[EventDate "2013.10.20"]
[EventType "team"]
[EventRounds "7"]
[EventCountry "GRE"]
[WhiteTeam "PGMB-Rostov"]
[BlackTeam "En Passant"]

1. d4 Nf6 2. c4 g6 3. Nc3 Bg7 4. Nf3 O-O 5. e4 d6 6. Be2 Nbd7 7. O-O e5 8. Qc2
c6 9. Rd1 Qe7 10. Rb1 a5 11. b3 Re8 12. d5 c5 13. a3 h6 14. Bd2 Nf8 15. b4 axb4
16. axb4 b6 17. Ne1 g5 18. g3 Ng6 19. Ng2 Bh3 20. Ne3 Qd7 21. f3 h5 22. Nf5 g4
23. fxg4 Nxg4 24. Nb5 Bf8 25. Bf1 Bxf1 26. Rxf1 h4 27. Rb3 Rec8 28. Qd1 Nf6 29.
Qf3 Ra2 30. Bg5 Ne8 31. Qg4 Qb7 32. gxh4 Qa6 33. h5 Ra1 34. Rbf3 1-0

[Event "ECCC 2013"]
[Site "Rhodes"]
[Date "2013.10.24"]
[Round "5"]
[White "Zhigalko, Andrey"]
[Black "Bok, Benjamin"]
[Result "1-0"]
[WhiteElo "2615"]
[BlackElo "2525"]
[PlyCount "103"]
[EventDate "2013.10.20"]
[EventType "team"]
[EventRounds "7"]
[EventCountry "GRE"]
[WhiteTeam "Minsk"]
[BlackTeam "Amay Chess Club"]

1. c4 g6 2. e4 e5 3. Nc3 Bg7 4. g3 d6 5. Bg2 Nc6 6. d3 h5 7. h4 Nd4 8. Nce2 c5
9. Nxd4 cxd4 10. b4 Be6 11. Nf3 Ne7 12. O-O O-O 13. a4 f6 14. b5 a5 15. Nh2 Qd7
16. Ra2 f5 17. exf5 Bxf5 18. Qb3 Bh3 19. Bxh3 Qxh3 20. c5+ d5 21. Bg5 Bf6 22.
Nf3 Qf5 23. Bxf6 Qxf6 24. Ng5 Kh8 25. Re2 Rac8 26. Rfe1 Rxc5 27. Qb2 e4 28. Ne6
Qxe6 29. Qxd4+ Qf6 30. Qxc5 b6 31. Qa3 Nf5 32. dxe4 Nd4 33. exd5 Nf3+ 34. Kf1
Nxe1 35. Kxe1 Kg8 36. Kf1 Rd8 37. Qd3 Qd6 38. Qe4 Qxd5 39. Qxg6+ Kf8 40. Qf6+
Kg8 41. Qe6+ Qxe6 42. Rxe6 Rd4 43. Rxb6 Rxa4 44. Ra6 Kg7 45. b6 Ra1+ 46. Ke2 a4
47. Kd3 a3 48. Kc2 Kf7 49. Rxa3 Rxa3 50. b7 Ra2+ 51. Kb3 Ra1 52. Kb2 1-0

[Event "ECCC 2013"]
[Site "Rhodes"]
[Date "2013.10.24"]
[Round "5"]
[White "Zaragatski, Ilja"]
[Black "Kovalev, Vladislav"]
[Result "0-1"]
[WhiteElo "2510"]
[BlackElo "2563"]
[PlyCount "52"]
[EventDate "2013.10.20"]
[EventType "team"]
[EventRounds "7"]
[EventCountry "GRE"]
[WhiteTeam "Amay Chess Club"]
[BlackTeam "Minsk"]

1. Nf3 Nf6 2. c4 g6 3. b4 Bg7 4. Bb2 O-O 5. g3 d6 6. Bg2 e5 7. d3 a5 8. b5 Nbd7
9. O-O Nc5 10. Nfd2 h5 11. Nc3 h4 12. Na4 hxg3 13. hxg3 Ne6 14. c5 Ng4 15. cxd6
cxd6 16. Rc1 Bd7 17. Bxb7 Rb8 18. Bg2 Qg5 19. Nf3 Qh5 20. Nc3 f5 21. Re1 f4 22.
Nd5 fxg3 23. fxg3 Rxb5 24. Ne7+ Kf7 25. Ba3 Kxe7 26. Qa4 Bh6 0-1

[Event "ECCC 2013"]
[Site "Rhodes"]
[Date "2013.10.24"]
[Round "5"]
[White "Stupak, Kirill"]
[Black "Burg, Twan"]
[Result "1/2-1/2"]
[WhiteElo "2487"]
[BlackElo "2499"]
[PlyCount "83"]
[EventDate "2013.10.20"]
[EventType "team"]
[EventRounds "7"]
[EventCountry "GRE"]
[WhiteTeam "Minsk"]
[BlackTeam "Amay Chess Club"]

1. d4 Nf6 2. c4 e6 3. g3 Bb4+ 4. Bd2 Be7 5. Bg2 d5 6. Nf3 c6 7. Qc2 O-O 8. O-O
Nbd7 9. Rd1 b6 10. Bf4 Ba6 11. Ne5 Rc8 12. cxd5 cxd5 13. Nc6 Nh5 14. Be3 Nb8
15. Nxe7+ Qxe7 16. Nc3 Nc6 17. Rac1 Nf6 18. Bf4 Nh5 19. Be3 Nf6 20. Qd2 h6 21.
Bf3 Ne8 22. g4 Nd6 23. b3 Nb5 24. Nxb5 Bxb5 25. Rc3 e5 26. Rdc1 e4 27. a4 Ba6
28. Rxc6 Rxc6 29. Rxc6 exf3 30. exf3 f5 31. g5 Qd7 32. Rc1 f4 33. Bxf4 hxg5 34.
Be5 Qf5 35. Qe3 Rf7 36. Kg2 Bc8 37. Bg3 Bd7 38. Rc3 Qh3+ 39. Kg1 g4 40. fxg4
Bxg4 41. Bf4 Rxf4 42. Qxf4 1/2-1/2

[Event "ECCC 2013"]
[Site "Rhodes"]
[Date "2013.10.24"]
[Round "5"]
[White "Tan, Matthew"]
[Black "Teterev, Vitaly"]
[Result "1-0"]
[WhiteElo "2438"]
[BlackElo "2506"]
[PlyCount "83"]
[EventDate "2013.10.20"]
[EventType "team"]
[EventRounds "7"]
[EventCountry "GRE"]
[WhiteTeam "Amay Chess Club"]
[BlackTeam "Minsk"]

1. e4 c5 2. Nf3 e6 3. d4 cxd4 4. Nxd4 a6 5. Bd3 Qc7 6. O-O Nf6 7. Qe2 d6 8. c4
Nbd7 9. f4 Be7 10. Nc3 b6 11. Kh1 g6 12. Bd2 O-O 13. Rae1 Re8 14. e5 Nh5 15.
Be4 Bb7 16. exd6 Bxd6 17. Ndb5 axb5 18. Nxb5 Qb8 19. Bxb7 Rxa2 20. Qd3 Bf8 21.
Qb1 Rxb2 22. Qxb2 Qxb7 23. f5 Qc6 24. Qd4 Nc5 25. Bc3 Ng7 26. fxe6 Ncxe6 27.
Qf6 Qd7 28. Nd4 Nh5 29. Qe5 Neg7 30. Qd5 Rxe1 31. Bxe1 Qxd5 32. cxd5 f5 33. Bh4
Bc5 34. Nb5 h6 35. d6 g5 36. Bf2 Kf7 37. Bxc5 bxc5 38. Re1 Ne6 39. Nc7 Nhg7 40.
Nxe6 Nxe6 41. d7 Ke7 42. Rxe6+ 1-0

[Event "ECCC 2013"]
[Site "Rhodes"]
[Date "2013.10.24"]
[Round "5"]
[White "Meribanov, Vitaly"]
[Black "Broekmeulen, Jasper"]
[Result "1-0"]
[WhiteElo "2404"]
[BlackElo "2435"]
[PlyCount "47"]
[EventDate "2013.10.20"]
[EventType "team"]
[EventRounds "7"]
[EventCountry "GRE"]
[WhiteTeam "Minsk"]
[BlackTeam "Amay Chess Club"]

1. e4 e5 2. Nf3 d6 3. d4 exd4 4. Nxd4 Nf6 5. Nc3 Be7 6. Bf4 O-O 7. Qd2 a6 8.
O-O-O b5 9. f3 c5 10. Nf5 Bxf5 11. exf5 Nc6 12. g4 Nd4 13. Qg2 Qa5 14. g5 Nh5
15. Qg4 Nxf4 16. Qxf4 Rfe8 17. Kb1 Bf8 18. Rg1 Re5 19. Bd3 Kh8 20. Rg3 b4 21.
Rh3 bxc3 22. Rxh7+ Kxh7 23. Qh4+ Kg8 24. g6 1-0

[Event "ECCC 2013"]
[Site "Rhodes"]
[Date "2013.10.24"]
[Round "5"]
[White "Kleijn, Christov"]
[Black "Kocheev, Aleksandr"]
[Result "1/2-1/2"]
[WhiteElo "2423"]
[BlackElo "2388"]
[PlyCount "119"]
[EventDate "2013.10.20"]
[EventType "team"]
[EventRounds "7"]
[EventCountry "GRE"]
[WhiteTeam "Amay Chess Club"]
[BlackTeam "Minsk"]

1. e4 e5 2. Nc3 Nf6 3. g3 d5 4. exd5 Nxd5 5. Bg2 Nxc3 6. bxc3 Bc5 7. Ne2 Nc6 8.
Bb2 Qf6 9. d4 Bb6 10. O-O Bg4 11. h3 Bf3 12. Qd3 Bxg2 13. Kxg2 O-O-O 14. d5
Rhe8 15. c4 Na5 16. Nc1 Qg6 17. Nb3 Qxd3 18. cxd3 Nxb3 19. axb3 c6 20. b4 c5
21. bxc5 Bxc5 22. Ra5 Bb6 23. Rb5 f6 24. Kf3 f5 25. Ke2 Bc7 26. Bc3 b6 27. Rb2
Rd7 28. Ra1 Kb7 29. Rba2 Bb8 30. g4 fxg4 31. hxg4 e4 32. Rh1 g6 33. Rh3 Rf7 34.
Bd4 Be5 35. Be3 Rc8 36. Rc2 exd3+ 37. Kxd3 Bd6 38. Rc1 Rcc7 39. f3 Rce7 40. Bd4
Bf4 41. Rb1 Kc8 42. c5 bxc5 43. Bxc5 Re5 44. Kc4 Rc7 45. Rb5 a6 46. Ra5 Re1 47.
Kd3 Rd1+ 48. Ke4 Bd2 49. Rxa6 Rxc5 50. Rxh7 Re1+ 51. Kd4 Ra5 52. Rxa5 Bxa5 53.
Rg7 Bb6+ 54. Kc4 Rc1+ 55. Kb5 Be3 56. Rxg6 Rc5+ 57. Kb4 Rxd5 58. Rf6 Kd7 59.
Kc4 Rd4+ 60. Kc3 1/2-1/2

[Event "ECCC 2013"]
[Site "Rhodes"]
[Date "2013.10.24"]
[Round "5"]
[White "Winants, Luc"]
[Black "Tisdall, Jonathan D"]
[Result "1-0"]
[WhiteElo "2534"]
[BlackElo "2437"]
[PlyCount "57"]
[EventDate "2013.10.20"]
[EventType "team"]
[EventRounds "7"]
[EventCountry "GRE"]
[WhiteTeam "S.F. Wirtzfeld"]
[BlackTeam "Asker"]

1. d4 d5 2. c4 e6 3. Nc3 c5 4. e3 Nf6 5. Nf3 Nc6 6. a3 a6 7. dxc5 Bxc5 8. b4
Ba7 9. Bb2 O-O 10. Qc2 Qe7 11. Rd1 Rd8 12. Be2 dxc4 13. Rxd8+ Qxd8 14. Bxc4 Bd7
15. Ne4 Nxe4 16. Qxe4 Rc8 17. Qg4 g6 18. Qf4 Qe7 19. Bf6 Bb8 20. Qh4 Qf8 21.
O-O Re8 22. Rd1 Bc8 23. e4 Bc7 24. e5 Nb8 25. Rc1 Bd8 26. Ng5 h6 27. Ne4 Nc6
28. Qf4 Nd4 29. Bf1 1-0

[Event "ECCC 2013"]
[Site "Rhodes"]
[Date "2013.10.24"]
[Round "5"]
[White "Hautot, Stephane"]
[Black "Hammerstad, Asmund"]
[Result "1-0"]
[WhiteElo "2378"]
[BlackElo "2275"]
[PlyCount "89"]
[EventDate "2013.10.20"]
[EventType "team"]
[EventRounds "7"]
[EventCountry "GRE"]
[WhiteTeam "S.F. Wirtzfeld"]
[BlackTeam "Asker"]

1. d4 e6 2. Nf3 f5 3. g3 Nf6 4. Bg2 Be7 5. O-O O-O 6. c4 d6 7. Nc3 a5 8. Re1
Ne4 9. Qc2 d5 10. Ne5 c6 11. c5 Nd7 12. Nxd7 Bxd7 13. Na4 Bf6 14. f3 Ng5 15.
Nb6 Ra6 16. Qd3 Be8 17. Bd2 Bg6 18. h4 Nf7 19. f4 Nh6 20. Bf3 Qe8 21. b3 Kh8
22. Bc3 Bd8 23. Qd2 Bxb6 24. cxb6 a4 25. Bb4 Rg8 26. Bc5 axb3 27. axb3 Rxa1 28.
Rxa1 Ng4 29. Ra7 Qc8 30. Bxg4 fxg4 31. Qe3 Be4 32. Bd6 Rd8 33. Be5 Kg8 34. Qc1
Bg6 35. Qa3 Re8 36. Qd6 Rd8 37. Qc7 Qxc7 38. Bxc7 Rc8 39. Rxb7 c5 40. Be5 c4
41. Rxg7+ Kf8 42. b7 Rd8 43. Rc7 cxb3 44. Rc8 b2 45. Rxd8+ 1-0

[Event "ECCC 2013"]
[Site "Rhodes"]
[Date "2013.10.24"]
[Round "5"]
[White "Ekeberg, Carl Fredrik"]
[Black "Sonntag, Hans-Hubert"]
[Result "1/2-1/2"]
[WhiteElo "2288"]
[BlackElo "2377"]
[PlyCount "54"]
[EventDate "2013.10.20"]
[EventType "team"]
[EventRounds "7"]
[EventCountry "GRE"]
[WhiteTeam "Asker"]
[BlackTeam "S.F. Wirtzfeld"]

1. c4 e6 2. g3 d5 3. Bg2 Nf6 4. Nf3 dxc4 5. Qa4+ c6 6. Qxc4 b5 7. Qb3 Bb7 8.
O-O a6 9. Ne5 Qc7 10. d4 c5 11. Bxb7 Qxb7 12. Be3 cxd4 13. Bxd4 Be7 14. Nd2 O-O
15. Rac1 Bd6 16. Ndf3 Nbd7 17. Nxd7 Nxd7 18. Rc2 Rfd8 19. Rfc1 Qe4 20. Rc6 Be7
21. Qc2 Qd5 22. a4 Bf6 23. Bxf6 Nxf6 24. Rc5 Qb7 25. Rc7 Qd5 26. Rc5 Qb7 27.
Rc7 Qd5 1/2-1/2

[Event "ECCC 2013"]
[Site "Rhodes"]
[Date "2013.10.24"]
[Round "5"]
[White "Tuncer, Ufuk"]
[Black "Aulin-Jansson, Joran"]
[Result "0-1"]
[WhiteElo "2317"]
[BlackElo "2201"]
[PlyCount "96"]
[EventDate "2013.10.20"]
[EventType "team"]
[EventRounds "7"]
[EventCountry "GRE"]
[WhiteTeam "S.F. Wirtzfeld"]
[BlackTeam "Asker"]

1. e4 c6 2. d4 d5 3. e5 c5 4. Nf3 Nc6 5. c4 cxd4 6. Nxd4 Nxe5 7. cxd5 Qxd5 8.
Nc3 Qa5 9. Bb5+ Bd7 10. O-O Nf6 11. Re1 Nc6 12. Nb3 Qc7 13. Bg5 O-O-O 14. Nc5
Be8 15. Qa4 e6 16. Be3 Nd5 17. Nxd5 Rxd5 18. Rac1 Bxc5 19. Rxc5 Rxc5 20. Bxc5
a6 21. Bf1 Qa5 22. Qxa5 Nxa5 23. b4 Nc6 24. a4 Kc7 25. Rc1 b6 26. Bd4 Kb7 27.
Bxg7 Rg8 28. Bc3 Ne7 29. a5 Nd5 30. axb6 Bb5 31. Bxb5 axb5 32. Bd4 Rc8 33. Rxc8
Kxc8 34. Bc5 Kb7 35. Kf1 Nxb6 36. Ke2 Nd7 37. Bd4 Kc6 38. Kd3 Kd5 39. g4 e5 40.
Bb2 e4+ 41. Ke3 Ne5 42. Bxe5 Kxe5 43. g5 Kd5 44. h4 Kc4 45. Kxe4 Kxb4 46. Kd3
Kb3 47. f4 b4 48. f5 Ka2 0-1

[Event "ECCC 2013"]
[Site "Rhodes"]
[Date "2013.10.24"]
[Round "5"]
[White "Rapport, Richard"]
[Black "Jepson, Christian"]
[Result "1/2-1/2"]
[WhiteElo "2676"]
[BlackElo "2392"]
[PlyCount "101"]
[EventDate "2013.10.20"]
[EventType "team"]
[EventRounds "7"]
[EventCountry "GRE"]
[WhiteTeam "Clichy Echecs 92"]
[BlackTeam "Limhamns SK"]

1. Nf3 d5 2. b3 Nf6 3. Bb2 c6 4. e3 Bg4 5. h3 Bxf3 6. Qxf3 Nbd7 7. c4 e6 8.
cxd5 exd5 9. Nc3 Bd6 10. d4 Qe7 11. Bd3 O-O 12. a3 Rae8 13. Qd1 Ne4 14. Nxe4
dxe4 15. Be2 f5 16. g3 Nb6 17. b4 a6 18. Qb3+ Kh8 19. h4 Nd5 20. Bc4 Nf6 21.
Bc3 b5 22. Be2 Nd5 23. Bd2 Rc8 24. Ra2 Qc7 25. Rg1 Qd7 26. Rc2 Qf7 27. Qa2 h5
28. Bd1 g6 29. Rb2 Qe7 30. Bb3 Qd7 31. Rc2 Rc7 32. Ke2 Rfc8 33. Bxd5 cxd5 34.
Rxc7 Rxc7 35. Qxd5 Rc2 36. Qa8+ Kh7 37. Qxa6 Qc7 38. Qxb5 Ra2 39. Rd1 Bxg3 40.
Qc5 Qd7 41. Rc1 f4 42. Ke1 Bxh4 43. Qc7 Qxc7 44. Rxc7+ Kg8 45. exf4 Rxa3 46.
Ke2 Ra2 47. b5 Rb2 48. Rb7 Bf6 49. Rb8+ Kg7 50. Rb7+ Kg8 51. Ke3 1/2-1/2

[Event "ECCC 2013"]
[Site "Rhodes"]
[Date "2013.10.24"]
[Round "5"]
[White "Lagarde, Maxime"]
[Black "Schneider, Stefan"]
[Result "0-1"]
[WhiteElo "2523"]
[BlackElo "2327"]
[PlyCount "82"]
[EventDate "2013.10.20"]
[EventType "team"]
[EventRounds "7"]
[EventCountry "GRE"]
[WhiteTeam "Clichy Echecs 92"]
[BlackTeam "Limhamns SK"]

1. d4 e6 2. Nf3 Nf6 3. c4 Bb4+ 4. Bd2 Qe7 5. g3 Nc6 6. Nc3 Bxc3 7. Bxc3 Ne4 8.
Rc1 O-O 9. Bg2 d6 10. O-O Nxc3 11. Rxc3 e5 12. d5 Nb8 13. b4 Bg4 14. Qc2 a5 15.
a3 axb4 16. axb4 Bxf3 17. Bxf3 Qd7 18. Rb1 Qa4 19. Qc1 Nd7 20. e4 Nf6 21. g4
Qd7 22. h3 h6 23. c5 Qd8 24. g5 hxg5 25. Qxg5 Qd7 26. Bg2 Nh7 27. Qd2 Qd8 28.
Rg3 Qf6 29. Rbb3 Ra1+ 30. Kh2 Qf4 31. Qxf4 exf4 32. Rgf3 g5 33. Ra3 Re1 34. Ra7
Nf6 35. Rxb7 Kg7 36. Bh1 Rh8 37. Kg2 Nxe4 38. Rxc7 Nd2 39. Rd3 f3+ 40. Kg3 Rxh1
41. Rxd2 R1xh3+ 0-1